000 00223nam a22000857a 4500
008 160809b xxu||||| |||| 00| 0 eng d
100 _976
_aPurang Y.P
245 _aComposite Science-7
260 _aNew Delhi
_bArya Publication
_c2013
999 _c2730
_d2730